Loading...
| Fine Arts - Classical Music | 0 | 8 | 2 | 3 | 70 | 52 | 88.25 | 0 | 2 | 20.07 | 41.11 |
| Fine Arts - Painting and Sculpture | 0 | 6 | 0 | 0 | 60 | 51 | 67.67 | 0 | 2 | 24.31 | 36.67 |
| Mythology | 0 | 5 | 2 | 1 | 40 | 57 | 74.80 | 0 | 2 | 17.53 | 31.11 |
| History - Other | 0 | 3 | 1 | 0 | 25 | 61 | 71.67 | 0 | 2 | 10.81 | 18.89 |
| Science - Physics | 0 | 2 | 0 | 0 | 20 | 45 | 55.50 | 0 | 0 | 9.96 | 12.22 |
| Fine Arts - Other | 0 | 2 | 0 | 0 | 20 | 63 | 72.00 | 0 | 2 | 6.29 | 15.56 |
| Science - Other | 0 | 2 | 0 | 1 | 20 | 94 | 99.50 | 1 | 1 | 5.08 | 12.22 |
| Literature - World | 0 | 1 | 0 | 0 | 10 | 78 | 78.00 | 0 | 1 | 3.86 | 5.56 |
| History - World | 0 | 1 | 0 | 1 | 10 | 111 | 111.00 | 0 | 0 | 0.00 | 3.33 |
| Popular Culture | 0 | 1 | 0 | 0 | 10 | 90 | 90.00 | 0 | 0 | 4.35 | 6.67 |
| Science - Chemistry | 0 | 1 | 0 | 0 | 10 | 60 | 60.00 | 1 | 1 | 4.39 | 10.00 |
| Literature - European | 0 | 1 | 0 | 0 | 10 | 76 | 76.00 | 0 | 0 | 3.45 | 3.33 |
| Geography | 0 | 0 | 1 | 0 | -5 | 0.00 | 0 | 0 | 0.00 | 0.00 |